| 000 | 01261nam a22001817a 4500 | ||
|---|---|---|---|
| 005 | 20150310134534.0 | ||
| 008 | 150310b xxu||||| |||| 00| 0 eng d | ||
| 040 | _aANE | ||
| 041 | _aEs | ||
| 082 | _aRAD-18 | ||
| 100 |
_aAcosta Burneo, Alberto _eanalista económico |
||
| 245 | _aAlberto Acosta Burneo: “La dependencia del petróleo nos está pasando factura” | ||
| 260 |
_aQuito _bRadio Atalaya _c2015-03-09 |
||
| 300 | _ap. | ||
| 520 | _aEl analista económico, Alberto Acosta Burneo, manifestó que el Ecuador tiene un Problema estructural y se trata de la dependencia del petróleo. “La altísima dependencia del petróleo es un problema que se ha ido agravando en los últimos años con el incremento del precio del mismo; los precios del crudo caen y tenemos que hacer ajustes para enfrentarnos a la nueva realidad” señaló Acosta y aseguró que las salvaguardias no van a incentivar inversiones sostenibles en el tiempo, y que el país necesita una transformación de productividad y competitividad. | ||
| 650 | _adependencia petróleo/analista económico/gobierno nacional/economía/medidas salvaguardias/precios crudo car/dependencia petrĺeo/ajustes realidad/transformación productividad competitividad/ | ||
| 942 |
_2ddc _cVM _zIES. |
||
| 999 |
_c27836 _d27836 |
||